Score 0/20 Timer 03:00
0 Plays Today
Hint Missing Word % Correct
_____ You Smarter than a 5th Grader?Are
98.5%
Sanford _____ SonAnd
96.3%
It's _____ Sunny in PhiladelphiaAlways
95.8%
NCIS: Los _____Angeles
95.7%
Are You _____ of the Dark?Afraid
94.9%
_____ DevelopmentArrested
94.3%
_____ in the FamilyAll
92.6%
The _____ Griffith ShowAndy
90.2%
_____ Horror StoryAmerican
88.4%
Downton _____Abbey
85.7%
Hint Missing Word % Correct
Sons of _____Anarchy
85.3%
_____ McBealAlly
84.1%
The _____ of Tintin Adventures
79.2%
The _____ RaceAmazing
78.8%
Avatar: The Last _____Airbender
70.1%
Marvel's _____ of S.H.I.E.L.DAgents
63.8%
_____ FabulousAbsolutely
53.8%
_____ Teen Hunger ForceAqua
47.7%
_____ HollywoodAccess
44.2%
_____ NationAlien
32.1%

Today's Daily Dose

Remove Ads.
Support Sporcle.
Get the best of Sporcle when you Go Orange. This ad-free experience offers more features, more stats, and more fun while also helping to support Sporcle. Thank you for becoming a member.

You're not logged in!

Compare scores with friends on all Sporcle quizzes.
OR
Log In

Show Comments

Extras

Top Quizzes Today


Score Distribution

Your Account Isn't Verified!

In order to create a playlist on Sporcle, you need to verify the email address you used during registration. Go to your Sporcle Settings to finish the process.

Report this User

Report this user for behavior that violates our Community Guidelines.

Details: